Nenne alle Österreichischen Parteien - Statistiken

Allgemein
  • Dieses Quiz wurde 425 mal gespielt
  • Das Durchschnittsergebnis liegt bei 5 aus 5
Antwortstatistiken
EP Zugehörigkeit Partei % Korrekt
ID FPÖ
98%
EPP ÖVP
98%
S&D SPÖ
97%
EFA Grüne
95%
RE NEOS
91%
Keine übereinstimmenden Quizze gefunden
Verteilung der Resultate
Anzahl Personen mit jedem Resultat
Perzentil nach korrekt beantworteten Fragen
Ihre Resultats-Entwicklung
Sie haben dieses Quiz noch nicht gespielt